| 000 | 00493nam a2200193Ia 4500 | ||
|---|---|---|---|
| 005 | 20250423095107.0 | ||
| 008 | 250422s9999 xx 000 0 und d | ||
| 020 | _a9789783385 | ||
| 050 | _aPN 1720 .O46/ | ||
| 100 | _aOmonokhua, Cornelius | ||
| 245 | 0 | _aDreams of my parents: my life, the golden jubilee of my birth | |
| 250 | _a2nd ed. | ||
| 260 | _aAbuja | ||
| 260 | _bMac - Pama Press | ||
| 260 | _c2011 | ||
| 300 | _a102 p | ||
| 650 | _a1. Prose, Drama and Poetry | ||
| 942 | _cBK | ||
| 999 |
_c29220 _d29220 |
||